000 01548nam a2200229Ia 4500
003 Ost
005 20260416102357.0
008 260416s9999||||xx |||||||||||||| ||und||
040 _cfsecg
041 _aara
082 _a657
100 _aآمنة، تونسي
_eمؤلف
245 0 _a محاضرات في مقياس المعايير المحاسبية الدولية IAS/IFRS :
_bمطبوعة موجهة لفائدة الطلبة ل م د : سنة ثانية ليسانس تخصص مالية و محاسبة /
_c تونسي آمنة
260 _aالجزائر
_bجامعة الجزائر3: كلية العلوم الإقتصادية، العلوم التجارية وعلوم التسيير
_c2021
300 _a196 ورقة
_bايض
_c30 سم
504 _aالمراجع ص.185
520 _aالتوجه الدولي نحو معايير المحاسبة الدولية، المعايير المحاسبية الدولية المتبناة من طرف النظام المحاسبي المالي، المعيار المحاسبي الدولي رقم IAS01 عرض القوائم المالية، المعيار المحاسبي الدولي رقم IAS07 قائمة التدفقات النقدية.
653 _aالاموال
653 _aالمحاسبة
710 _aجامعة الجزائر3: كلية العلوم الإقتصادية، العلوم التجارية وعلوم التسيير
_eناشر علمي
942 _cHANDOUT
999 _c41274
_d41274